5+ Million Cities on a World Map - Statistics

General Stats
  • This quiz has been taken 50 times
  • The average score is 66 of 82
Answers on the Map
Answers color-coded by a green-red scale on the quiz's map according to % correct below.
 
Answer Stats
City Population % Correct
London 10,416,420
100%
Paris 9,381,921
100%
Rio de Janeiro 9,500,336
100%
Santiago 6,726,045
100%
Bogotá 10,624,315
98%
Ciudad de México (Mexico City) 17,734,212
98%
Istanbul 15,014,763
98%
Lagos 12,791,699
98%
Lima 10,580,241
98%
Los Angeles 12,740,420
98%
Madrid 5,583,601
98%
New York City 13,920,148
98%
São Paulo 18,949,790
98%
Alexandria 7,266,957
95%
Al-Qahirah (Cairo) 25,566,102
95%
Buenos Aires 14,017,736
95%
Dubai 5,283,789
95%
Johannesburg 7,077,175
95%
Moskva (Moscow) 14,524,753
95%
New Delhi 30,222,405
95%
Tōkyō (Tokyo) 33,412,512
95%
Toronto 5,494,431
95%
Ar-Riyāḑ (Riyadh) 6,916,417
93%
Jakarta 41,913,860
93%
Kinshasa 10,943,641
93%
Nairobi 6,134,334
93%
Seoul 22,490,482
93%
Tehrān (Tehran) 9,174,964
93%
Accra 5,592,780
90%
Beijing 17,013,303
90%
Krung Thep Maha Nakhon (Bangkok) 18,180,280
90%
Luanda 11,370,127
90%
Shanghai 29,558,908
90%
Dar es Salaam 7,795,114
88%
Ho Chi Minh City 14,052,713
88%
Kābul (Kabul) 5,635,737
88%
Kuala Lumpur 8,443,731
88%
Manila 24,735,305
88%
Mumbai 20,203,056
88%
Sri Jayawardenepura Kotte - Colombo 5,223,838
88%
Taipei 9,136,792
88%
Wuhan 7,363,548
88%
Al-Kharṭūm (Khartoum) 6,809,355
85%
Hà Nội (Hanoi) 5,068,414
85%
Kolkata 22,549,738
85%
Osaka 12,964,145
85%
Abidjan 6,621,711
83%
Ammān (Amman) 6,403,666
83%
Baghdād (Baghdad) 6,390,735
83%
Dhaka 36,585,479
83%
Guangzhou 27,563,372
83%
Xi'an 5,231,053
83%
Yaoundé 5,106,087
83%
Ādīs Ᾱbeba (Addis Ababa) 6,705,705
80%
Hyderabad 9,190,795
80%
Karachi 21,422,590
80%
Lahore 15,156,430
80%
Yangon 5,618,303
80%
Ahmedabad 7,632,408
78%
Bengaluru 13,187,098
78%
Chennai 11,153,205
78%
Tianjin 7,285,342
78%
Chengdu 6,139,874
76%
Nagoya 7,146,160
76%
Shenzhen 13,878,396
73%
Surabaya 6,843,503
73%
Bandung 8,909,104
66%
Nanjing 6,800,676
66%
Surat 6,908,925
66%
Chongqing 7,071,073
63%
Mashhad 5,398,248
63%
Pune 6,817,951
61%
Hangzhou 7,500,208
56%
Lucknow 5,052,444
56%
Shenyang 5,702,638
54%
Faisalabad 5,566,382
46%
Onitsha 5,627,706
29%
Suzhou 7,731,101
29%
Kochi 5,077,670
27%
Kozhikode 6,123,872
22%
Chaozhou 6,407,770
10%
Hajipur 9,941,510
2%
No matching quizzes found
Score Distribution
Percent of People with Each Score
Percentile by Number Answered
Your Score History
You have not taken this quiz